000 00463nab a2200145Ia 4500
003 ES-SlBCS
005 20210601133737.0
008 140529s2003 xxu||||| |||| 00| 0 por d
041 _apor
100 1 _aMello Elias, Wagner de
_9209083
245 0 0 _aOs sonhos e as profecias na república crista
_c Wagner de Mello Elias
650 0 4 _aPoder Eclesiástico
_9209084
773 0 _tEducaçao e Filosofia
_gvol. 17, nº. 34, 2003, págs. 207-224
_wRev1534
942 _cAR
999 _c601417
_d601417